01125nam a2200193 4500008003900000020001500039050002200054100004100076245005900117250001800176260003200194300004100226336001000267337001400277338001200291500004700303505056100350650002000911 t20062009mx a s 0 sp sspa a9702410207 aHF5625 bM67 20071 aMoreno Fernández, Joaquíneautor aContabilidad básicac / Joaquín Moreno Fernández a3a. edición aMéxicob : Patriac, 2007 axiv, 314 páginasb : ilustraciones atexto asin medio avolumen aIncluye: índice analítico (pp.305-314) aLa contabilidad, la entidad y la información financiera La cuenta Las cuentas de una entidad comercial Las normas de información financiera (ante los principios de contabilidad) La partida doble y los asientos de diario Registro de las operaciones Sistemas de tratamiento contable o operaciones de compraventa de mercancias Métodos de valuación de inventarios Procedimientos de ajuste Procedimiento de cierre y obtención de estados fianancieros Práctica. Registro de opreaciones y obtención de estados financieros de una entidad comercial 102 aCONTABILIDAD